| 000 -LEADER |
| fixed length control field |
00490nam a22001937a 4500 |
| 008 - FIXED-LENGTH DATA ELEMENTS--GENERAL INFORMATION |
| fixed length control field |
150713b xxu||||| |||| 00| 0 alb d |
| 020 ## - INTERNATIONAL STANDARD BOOK NUMBER |
| International Standard Book Number |
9789928139856 |
| 041 0# - LANGUAGE CODE |
| Language code of text/sound track or separate title |
alb |
| 080 ## - UNIVERSAL DECIMAL CLASSIFICATION NUMBER |
| Universal Decimal Classification number |
321 .01 |
| 100 ## - Rafti |
| Rafti |
Qori, Arlind ; |
| 245 ## - TITLE STATEMENT |
| Title |
Histori e mendimit politik / |
| Statement of responsibility, etc |
Arlind Qori. |
| 260 ## - |
| -- |
Tiranë : |
| -- |
Edlora, |
| -- |
2013. |
| 300 ## - |
| -- |
488 f. ; |
| -- |
21 cm. |
| 500 ## - |
| -- |
Parathënie : f. 11-13 |
| 650 #0 - |
| -- |
Shkenca politike |
| 650 #0 - |
| -- |
Shteti |
| 650 #0 - |
| -- |
Historia |
| 942 ## - ADDED ENTRY ELEMENTS (KOHA) |
| Source of classification or shelving scheme |
|
| Item type |
Books |